[Event "4. Continental de Ajedrez de Cali"]
[Site "Santiago de Cali COL"]
[Date "2007.07.11"]
[Round "2.19"]
[White "Montenegro, Rolando"]
[Black "Lafuente, Pablo"]
[Result "0-1"]
[WhiteElo "2227"]
[BlackElo "2454"]
[PlyCount "48"]
[EventDate "2007.07.11"]
[EventType "swiss"]
[EventRounds "1"]
[EventCountry "COL"]
[Source "lmi"]
[SourceDate "2007.07.11"]

1. e4 c6 2. Nc3 d5 3. Nf3 dxe4 4. Nxe4 Bf5 5. Ng3 Bg4 6. Bc4 e6 7. h3 Bxf3 8.
Qxf3 Nd7 9. d4 Nb6 10. Bb3 Qxd4 11. O-O Nf6 12. Rd1 Qe5 13. Bf4 Qa5 14. a4 Be7
15. Bd2 Bb4 16. c3 Be7 17. Ba2 Nbd7 18. b4 Qc7 19. Bf4 Qc8 20. Re1 O-O 21. Nf5
Re8 22. Bd6 Bd8 23. Bc5 exf5 24. Qxf5 Bc7 0-1

[Event "4. Continental de Ajedrez de Cali"]
[Site "Santiago de Cali COL"]
[Date "2007.07.11"]
[Round "2.20"]
[White "Garcia, Gildardo"]
[Black "Buitrago, Juan Carlos"]
[Result "1-0"]
[WhiteElo "2435"]
[BlackElo "2160"]
[PlyCount "87"]
[EventDate "2007.07.11"]
[EventType "swiss"]
[EventRounds "1"]
[EventCountry "COL"]
[Source "lmi"]
[SourceDate "2007.07.11"]

1. e4 e5 2. Nf3 Nc6 3. Bb5 a6 4. Ba4 Nf6 5. O-O Be7 6. Re1 b5 7. Bb3 d6 8. c3
O-O 9. d4 Bg4 10. d5 Na5 11. Bc2 c6 12. h3 Bh5 13. dxc6 Nxc6 14. Bg5 h6 15.
Bxf6 Bxf6 16. Nbd2 d5 17. exd5 Qxd5 18. Be4 Qd7 19. Bxc6 Qxc6 20. Nxe5 Qd5 21.
Qxh5 Bxe5 22. Qxe5 Qxd2 23. Re2 Qd3 24. Rae1 Rae8 25. Qxe8 Rxe8 26. Rxe8+ Kh7
27. R8e3 Qd5 28. b3 g5 29. g4 Kg6 30. Re5 Qd2 31. R1e3 Qxa2 32. b4 h5 33. Rc5
hxg4 34. hxg4 a5 35. bxa5 Qa4 36. a6 Qxg4+ 37. Rg3 Qd1+ 38. Kg2 f5 39. Rxb5 Qe2
40. a7 Qe4+ 41. Kh2 Qa4 42. Rb6+ Kf7 43. Rh6 g4 44. Rh8 1-0

[Event "4. Continental de Ajedrez de Cali"]
[Site "Santiago de Cali COL"]
[Date "2007.07.11"]
[Round "2.23"]
[White "Arenas, David"]
[Black "Barrientos, Sergio"]
[Result "0-1"]
[WhiteElo "2081"]
[BlackElo "2417"]
[PlyCount "72"]
[EventDate "2007.07.11"]
[EventType "swiss"]
[EventRounds "1"]
[EventCountry "COL"]
[Source "lmi"]
[SourceDate "2007.07.11"]

1. e4 c5 2. Nf3 e6 3. d4 cxd4 4. Nxd4 Nc6 5. Nxc6 bxc6 6. Nd2 e5 7. Bd3 Nf6 8.
O-O Bc5 9. Qe2 d6 10. Nc4 Be6 11. Be3 Bxe3 12. Qxe3 O-O 13. Rfd1 Qc7 14. Be2
Rad8 15. Rd2 Bxc4 16. Bxc4 d5 17. exd5 cxd5 18. Bb3 d4 19. Qe2 Rd7 20. f3 Rfd8
21. Re1 Re7 22. Rd3 Rde8 23. Ba4 Rb8 24. Bb3 a5 25. Kh1 Rbe8 26. Ba4 Rd8 27.
Bb3 Qc6 28. c3 a4 29. Bc2 Nd5 30. Qe4 g6 31. Bb1 Qb6 32. Qh4 Qxb2 33. g3 Qf2
34. Red1 Ne3 35. R3d2 Qxf3+ 36. Kg1 Nxd1 0-1

[Event "4. Continental de Ajedrez de Cali"]
[Site "Santiago de Cali COL"]
[Date "2007.07.11"]
[Round "2.26"]
[White "Peralta, Fernando"]
[Black "Garcia, Alvaro"]
[Result "1-0"]
[WhiteElo "2546"]
[BlackElo "2156"]
[PlyCount "57"]
[EventDate "2007.07.11"]
[EventType "swiss"]
[EventRounds "1"]
[EventCountry "COL"]
[Source "lmi"]
[SourceDate "2007.07.11"]

1. d4 e6 2. c4 d5 3. Nc3 c6 4. Nf3 f5 5. Bf4 Bd6 6. e3 Nf6 7. Bd3 O-O 8. O-O
Ne4 9. Rc1 g5 10. Bxd6 Nxd6 11. Qb3 Nf7 12. Qa3 Qf6 13. b4 Nd7 14. cxd5 exd5
15. b5 g4 16. Nd2 f4 17. bxc6 bxc6 18. Ne2 f3 19. gxf3 Ng5 20. Nf4 gxf3 21. Kh1
Kh8 22. Rg1 Bb7 23. Qa5 Rf7 24. Rg3 Nf8 25. Rcg1 Nfe6 26. Nxe6 Nxe6 27. Nxf3
Qh6 28. Ne5 Rxf2 29. Ng4 1-0

[Event "4. Continental de Ajedrez de Cali"]
[Site "Santiago de Cali COL"]
[Date "2007.07.11"]
[Round "2.27"]
[White "Sequera, Jose"]
[Black "Vittorino, Carlo"]
[Result "1/2-1/2"]
[WhiteElo "2432"]
[BlackElo "2228"]
[PlyCount "27"]
[EventDate "2007.07.11"]
[EventType "swiss"]
[EventRounds "1"]
[EventCountry "COL"]
[Source "lmi"]
[SourceDate "2007.07.11"]

1. e4 e5 2. Nf3 Nc6 3. d4 exd4 4. Nxd4 Bc5 5. Be3 Qf6 6. c3 Nge7 7. g3 d5 8.
Bg2 dxe4 9. Nd2 Bxd4 10. Bxd4 Nxd4 11. Nxe4 Qb6 12. Qxd4 Qxd4 13. cxd4 Be6 14.
Nc5 1/2-1/2

[Event "4. Continental de Ajedrez de Cali"]
[Site "Santiago de Cali COL"]
[Date "2007.07.11"]
[Round "2.28"]
[White "Capo Vidal, Uriel"]
[Black "Sierra, Julian Andres"]
[Result "1-0"]
[WhiteElo "2370"]
[BlackElo "2070"]
[PlyCount "84"]
[EventDate "2007.07.11"]
[EventType "swiss"]
[EventRounds "1"]
[EventCountry "COL"]
[Source "lmi"]
[SourceDate "2007.07.11"]

1. d4 d5 2. c4 e6 3. Nc3 Nf6 4. cxd5 exd5 5. Bg5 Nbd7 6. e3 c6 7. Nf3 Be7 8.
Qc2 O-O 9. Bd3 h6 10. Bf4 Ne8 11. O-O Bd6 12. Bg3 Bxg3 13. hxg3 Qe7 14. Rab1
Nd6 15. b4 a6 16. a4 b5 17. e4 Nb6 18. exd5 Nxd5 19. Ne5 Bb7 20. Rfe1 Qd8 21.
Re2 Rc8 22. a5 Re8 23. Rbe1 Rc7 24. Na2 f6 25. Ng6 Rxe2 26. Qxe2 Bc8 27. Bc2
Kf7 28. Qh5 Kg8 29. Qe2 Kf7 30. g4 Qe8 31. Qd1 Qd8 32. f3 Be6 33. Qe2 Bc8 34.
Qd3 Be6 35. g3 Qc8 36. Qe2 Bd7 37. Nc3 Nxc3 38. Qe7+ Kg8 39. Qxd6 Nd5 40. Ne7+
Nxe7 41. Rxe7 Rb7 42. Bg6 Kh8 1-0

[Event "4. Continental de Ajedrez de Cali"]
[Site "Santiago de Cali COL"]
[Date "2007.07.11"]
[Round "2.29"]
[White "Valderrama, E Gilberto"]
[Black "Gonzalez, Juan Manuel"]
[Result "1-0"]
[WhiteElo "2308"]
[BlackElo "2115"]
[PlyCount "51"]
[EventDate "2007.07.11"]
[EventType "swiss"]
[EventRounds "1"]
[EventCountry "COL"]
[Source "lmi"]
[SourceDate "2007.07.11"]

1. e3 d5 2. b3 Bf5 3. Bb2 e6 4. f4 Nf6 5. Nf3 Be7 6. Be2 h6 7. O-O O-O 8. Ne5
Nfd7 9. Bd3 Bxd3 10. cxd3 Nxe5 11. fxe5 c5 12. Nc3 Nc6 13. Ne2 d4 14. exd4 cxd4
15. Kh1 Bc5 16. Rc1 Bb6 17. Ba3 Re8 18. Bd6 Rc8 19. Ng3 Bc7 20. Qh5 g6 21. Qxh6
Nxe5 22. Ne4 Ng4 23. Qf4 Bxd6 24. Qxf7+ Kh8 25. Rxc8 Qxc8 26. Nxd6 1-0

[Event "4. Continental de Ajedrez de Cali"]
[Site "Santiago de Cali COL"]
[Date "2007.07.11"]
[Round "2.31"]
[White "Zuluaga, Cesar"]
[Black "Panesso, Henry"]
[Result "1-0"]
[WhiteElo "2339"]
[BlackElo "2143"]
[PlyCount "115"]
[EventDate "2007.07.11"]
[EventType "swiss"]
[EventRounds "1"]
[EventCountry "COL"]
[Source "lmi"]
[SourceDate "2007.07.11"]

1. d4 Nf6 2. Nf3 g6 3. c4 Bg7 4. Nc3 O-O 5. g3 d6 6. Bg2 c5 7. O-O Nc6 8. h3
cxd4 9. Nxd4 Nxd4 10. Qxd4 Be6 11. Qh4 Rc8 12. b3 Rc5 13. Qf4 Qc8 14. Ba3 Rh5
15. h4 Bh3 16. Qf3 Bxg2 17. Kxg2 Rf5 18. Qd3 Qc6+ 19. e4 Re5 20. f3 Ra5 21. Bb2
a6 22. Nd5 Nxd5 23. exd5 Qc7 24. Bxg7 Kxg7 25. a4 b5 26. Rfc1 b4 27. Re1 Re8
28. Rad1 Rc5 29. h5 Qd7 30. Qd4+ Kg8 31. hxg6 fxg6 32. Re6 Rf8 33. Qh4 Rf7 34.
Rh1 Rg7 35. Rhe1 Rc7 36. Qg5 Qd8 37. R1e4 Qf8 38. Qe3 Rf7 39. f4 Rb7 40. c5 Qg7
41. c6 Qb2+ 42. Qe2 Qxe2+ 43. Rxe2 Rc7 44. a5 Kf8 45. R2e4 Rf5 46. Rd4 Kf7 47.
Re3 e5 48. Rxb4 exf4 49. Rxf4 Rxf4 50. gxf4 Rc8 51. b4 Rb8 52. Re4 Kf6 53. Re6+
Kf5 54. Rxd6 Kxf4 55. c7 Rc8 56. Rc6 Ke5 57. d6 Ke6 58. Rxa6 1-0

[Event "4. Continental de Ajedrez de Cali"]
[Site "Santiago de Cali COL"]
[Date "2007.07.11"]
[Round "2.32"]
[White "Guerrero, Juan Carlos"]
[Black "Nina, Miguel Angel"]
[Result "1-0"]
[WhiteElo "2144"]
[BlackElo "2312"]
[PlyCount "79"]
[EventDate "2007.07.11"]
[EventType "swiss"]
[EventRounds "1"]
[EventCountry "COL"]
[Source "lmi"]
[SourceDate "2007.07.11"]

1. d4 Nf6 2. c4 c6 3. Nc3 d5 4. Nf3 dxc4 5. e3 b5 6. a4 Bd7 7. Ne5 b4 8. Bxc4
e6 9. Na2 Bd6 10. O-O O-O 11. Bd3 Qc7 12. Nc4 c5 13. Nxd6 Qxd6 14. dxc5 Qxc5
15. e4 a5 16. Be3 Qc6 17. Bd4 Nxe4 18. Qg4 e5 19. Qxe4 Qxe4 20. Bxe4 Nc6 21.
Bc5 Rfc8 22. Nc1 Be6 23. Rd1 f5 24. Rd6 fxe4 25. Rxe6 Kf7 26. Rd6 Rd8 27. Nb3
Rxd6 28. Bxd6 Ke6 29. Bc5 Kd5 30. Rc1 Nd4 31. Bxd4 exd4 32. Rc5+ Kd6 33. Rc4
Ke5 34. Rxd4 Rc8 35. Rd2 Kf4 36. Kf1 h5 37. Ke2 h4 38. Nxa5 Rc1 39. Nb3 Rh1 40.
g3+ 1-0

[Event "4. Continental de Ajedrez de Cali"]
[Site "Santiago de Cali COL"]
[Date "2007.07.11"]
[Round "2.34"]
[White "Avalos Parra, Joao"]
[Black "Bermudes, Eduardo"]
[Result "1-0"]
[WhiteElo "2272"]
[BlackElo "2138"]
[PlyCount "107"]
[EventDate "2007.07.11"]
[EventType "swiss"]
[EventRounds "1"]
[EventCountry "COL"]
[Source "lmi"]
[SourceDate "2007.07.11"]

1. d4 d6 2. Nf3 g6 3. c4 Bg7 4. Nc3 e5 5. dxe5 dxe5 6. Qxd8+ Kxd8 7. Bg5+ f6 8.
O-O-O+ Ke8 9. Be3 c6 10. Ne4 Bf8 11. Nd6+ Bxd6 12. Rxd6 Nd7 13. g3 Nb6 14. b3
Bg4 15. Bg2 Rd8 16. Rhd1 Rxd6 17. Rxd6 Nc8 18. Rd1 Nge7 19. h3 Be6 20. g4 g5
21. Nd2 Kf7 22. Ne4 b6 23. Ng3 c5 24. Kc2 Ng6 25. Bc6 Ke7 26. Nf5+ Kf7 27. Bd7
Nh4 28. Nd6+ Nxd6 29. Rxd6 Ke7 30. Rxe6+ Kxd7 31. Rxf6 h6 32. Rf7+ Kc6 33. Rxa7
Re8 34. Rh7 Re6 35. Bd2 e4 36. a3 Ng2 37. b4 b5 38. Ra7 e3 39. cxb5+ Kxb5 40.
Ra5+ Kb6 41. bxc5+ Kb7 42. fxe3 Nxe3+ 43. Kd3 Nd5 44. e4 Nf6 45. Rb5+ Ka7 46.
Rb4 Nd7 47. Kd4 Nf6 48. Kd3 Nd7 49. Be3 Ne5+ 50. Kd4 Nc6+ 51. Kd5 Rg6 52. Rb6
Ne7+ 53. Kc4 Nc6 54. Kb5 1-0

[Event "4. Continental de Ajedrez de Cali"]
[Site "Santiago de Cali COL"]
[Date "2007.07.11"]
[Round "2.36"]
[White "Franco, Angela"]
[Black "Martinez, Julian"]
[Result "0-1"]
[WhiteElo "2143"]
[BlackElo "2251"]
[PlyCount "82"]
[EventDate "2007.07.11"]
[EventType "swiss"]
[EventRounds "1"]
[EventCountry "COL"]
[Source "lmi"]
[SourceDate "2007.07.11"]

1. e4 d5 2. exd5 Qxd5 3. Nc3 Qa5 4. d4 Nf6 5. Nf3 Bg4 6. Bc4 Nc6 7. Bb5 O-O-O
8. Bxc6 bxc6 9. h3 Qh5 10. Qe2 Kb7 11. Be3 Nd5 12. Ne4 e6 13. Ng3 Bxf3 14. Nxh5
Bxe2 15. Kxe2 Nxe3 16. fxe3 c5 17. Rad1 cxd4 18. exd4 g6 19. Ng3 c5 20. dxc5
Bxc5 21. Ne4 Be7 22. c4 f5 23. Nc3 Bf6 24. Rd3 Rxd3 25. Kxd3 Rd8+ 26. Kc2 Bxc3
27. Kxc3 e5 28. c5 e4 29. b4 Rd3+ 30. Kc4 Rd2 31. a4 e3 32. Rg1 f4 33. b5 Rxg2
34. c6+ Kc8 35. Rxg2 f3 36. Rg3 e2 37. Rxf3 e1=Q 38. Rf8+ Kc7 39. Rf7+ Kd8 40.
Rd7+ Kc8 41. Rxa7 Qe4+ 0-1

[Event "4. Continental de Ajedrez de Cali"]
[Site "Santiago de Cali COL"]
[Date "2007.07.11"]
[Round "2.37"]
[White "Peña, Alfredo"]
[Black "Becerra, Juan David"]
[Result "1-0"]
[WhiteElo "2248"]
[BlackElo "2104"]
[PlyCount "59"]
[EventDate "2007.07.11"]
[EventType "swiss"]
[EventRounds "1"]
[EventCountry "COL"]
[Source "lmi"]
[SourceDate "2007.07.11"]

1. e4 c5 2. Nf3 d6 3. d4 cxd4 4. Nxd4 Nf6 5. Bd3 e5 6. Nb3 Be7 7. c4 O-O 8. Nc3
Be6 9. O-O Nbd7 10. f3 Rc8 11. Nd5 Bxd5 12. cxd5 Nh5 13. g3 g6 14. Be3 Bg5 15.
Bf2 Ng7 16. Nd2 Nc5 17. Be2 f5 18. b4 fxe4 19. fxe4 Bxd2 20. bxc5 Bc3 21. Rc1
Rxf2 22. Kxf2 Bd4+ 23. Kg2 dxc5 24. Rf3 Ne8 25. Qd2 Nd6 26. Rcf1 Qe7 27. Qh6 c4
28. Rf6 c3 29. Bg4 Rd8 30. Be6+ 1-0

[Event "4. Continental de Ajedrez de Cali"]
[Site "Santiago de Cali COL"]
[Date "2007.07.11"]
[Round "2.38"]
[White "Sanchez M, Luis Enrique"]
[Black "Ruiz, Pablo"]
[Result "0-1"]
[WhiteElo "2370"]
[BlackElo "2247"]
[PlyCount "60"]
[EventDate "2007.07.11"]
[EventType "swiss"]
[EventRounds "1"]
[EventCountry "COL"]
[Source "lmi"]
[SourceDate "2007.07.11"]

1. e4 c5 2. Nf3 a6 3. d4 cxd4 4. Nxd4 Nf6 5. Nc3 e5 6. Nf3 Bb4 7. Qd3 d5 8. a3
Bxc3+ 9. Qxc3 O-O 10. Bg5 Nxe4 11. Bxd8 Nxc3 12. Bc7 Ne4 13. Nxe5 Re8 14. Be2
Re7 15. Bxb8 Rxb8 16. Nd3 Nf6 17. f3 Bf5 18. Kd2 d4 19. Nf4 Bxc2 20. Kxc2 g5
21. Bxa6 bxa6 22. Nd3 Re2+ 23. Kd1 Rxg2 24. Rc1 Nd5 25. Rc5 Ne3+ 26. Kc1 Rb3
27. Ne1 Rgxb2 28. Rxg5+ Kf8 29. Rd5 Rb1+ 30. Kd2 Rd1+ 0-1

[Event "4. Continental de Ajedrez de Cali"]
[Site "Santiago de Cali COL"]
[Date "2007.07.11"]
[Round "2.40"]
[White "Palao, Maricela"]
[Black "Markzon, Gregory"]
[Result "1/2-1/2"]
[WhiteElo "2139"]
[BlackElo "2237"]
[PlyCount "60"]
[EventDate "2007.07.11"]
[EventType "swiss"]
[EventRounds "1"]
[EventCountry "COL"]
[Source "lmi"]
[SourceDate "2007.07.11"]

1. d4 Nf6 2. c4 g6 3. Nc3 d5 4. Nf3 Bg7 5. Bg5 dxc4 6. e3 Be6 7. Ne5 c5 8. Bxc4
Bxc4 9. Nxc4 Nbd7 10. O-O O-O 11. Qb3 cxd4 12. exd4 Rc8 13. Rac1 Nb6 14. Nxb6
Qxb6 15. Qxb6 axb6 16. d5 Rfd8 17. Rfd1 Kf8 18. h3 Nd7 19. d6 f6 20. dxe7+ Kxe7
21. Be3 Kf7 22. Nd5 Rxc1 23. Rxc1 Nc5 24. Nxb6 Ne6 25. b4 f5 26. g3 g5 27. Nc4
b5 28. Na5 f4 29. Bc5 Rd2 30. Nb7 g4 1/2-1/2

[Event "4. Continental de Ajedrez de Cali"]
[Site "Santiago de Cali COL"]
[Date "2007.07.11"]
[Round "2.41"]
[White "Franco, Beatriz"]
[Black "Gallego, Andres"]
[Result "0-1"]
[WhiteElo "2130"]
[BlackElo "2235"]
[PlyCount "96"]
[EventDate "2007.07.11"]
[EventType "swiss"]
[EventRounds "1"]
[EventCountry "COL"]
[Source "lmi"]
[SourceDate "2007.07.11"]

1. e4 c5 2. Nc3 Nc6 3. g3 g6 4. Bg2 Bg7 5. d3 d6 6. Be3 e6 7. Qd2 Bd7 8. Nf3
Nd4 9. Rb1 Qa5 10. O-O Ne7 11. Rfd1 O-O 12. Bh6 Bxh6 13. Qxh6 f6 14. Nxd4 cxd4
15. Ne2 e5 16. c3 dxc3 17. Nxc3 Nc6 18. Bh3 f5 19. a3 Nd4 20. Nd5 Rf7 21. Kg2
Raf8 22. Qd2 Qd8 23. f4 Bc6 24. Nb4 Ba4 25. Rf1 a5 26. Nd5 Bc6 27. Rbe1 Bxd5
28. exd5 Re8 29. Rf2 Qb6 30. Kf1 Rc7 31. fxe5 dxe5 32. Rb1 Rc2 33. Qe3 Rxf2+
34. Qxf2 Qb5 35. Rd1 Qxd5 36. Bg2 Qb3 37. Rd2 Rc8 38. Qe3 Rc1+ 39. Kf2 Rc2 40.
Kf1 Rc5 41. Qg5 Qb6 42. Rd1 Ne6 43. Qd2 Qb3 44. Re1 Kg7 45. Re3 Kf6 46. Bf3 Rc2
47. Qxa5 Qxb2 48. Be2 Qd4 0-1

[Event "4. Continental de Ajedrez de Cali"]
[Site "Santiago de Cali COL"]
[Date "2007.07.11"]
[Round "2.42"]
[White "Sanchez, Victor"]
[Black "Navia, Edwin Adrian"]
[Result "1/2-1/2"]
[WhiteElo "2232"]
[BlackElo "2019"]
[PlyCount "64"]
[EventDate "2007.07.11"]
[EventType "swiss"]
[EventRounds "1"]
[EventCountry "COL"]
[Source "lmi"]
[SourceDate "2007.07.11"]

1. e4 c5 2. Nf3 d6 3. c3 Nf6 4. h3 Nc6 5. Bd3 g6 6. O-O Bg7 7. Re1 O-O 8. Bb5
Qc7 9. d4 a6 10. Bxc6 Qxc6 11. d5 Qd7 12. a4 b5 13. axb5 Bb7 14. bxa6 Bxa6 15.
Na3 Rfb8 16. Qc2 Qb7 17. Nd2 c4 18. Naxc4 Qc7 19. Na3 Nd7 20. Nf3 Nc5 21. Nd4
Nd3 22. Rd1 Bxd4 23. cxd4 Qxc2 24. Nxc2 Nxc1 25. Rdxc1 Rxb2 26. Ne3 Rbb8 27.
Rc7 Kf8 28. e5 dxe5 29. dxe5 Bd3 30. Rxa8 Rxa8 31. Kh2 Rd8 32. Kg3 Be2 1/2-1/2

[Event "4. Continental de Ajedrez de Cali"]
[Site "Santiago de Cali COL"]
[Date "2007.07.11"]
[Round "2.43"]
[White "Restuccia, Francisco"]
[Black "Jukemura, Rodrigo"]
[Result "1/2-1/2"]
[WhiteElo "2222"]
[BlackElo "2017"]
[PlyCount "85"]
[EventDate "2007.07.11"]
[EventType "swiss"]
[EventRounds "1"]
[EventCountry "COL"]
[Source "lmi"]
[SourceDate "2007.07.11"]

1. e4 c5 2. d4 cxd4 3. c3 Nf6 4. e5 Nd5 5. Nf3 e6 6. Bc4 d6 7. cxd4 Be7 8. O-O
Nc6 9. Qe2 O-O 10. Qe4 Ncb4 11. a3 Nb6 12. Bb3 N4d5 13. Nc3 Nxc3 14. bxc3 d5
15. Qg4 f5 16. exf6 Bxf6 17. Ne5 Bxe5 18. dxe5 Bd7 19. Bc2 Rf7 20. Bg5 Qc7 21.
Qh3 h6 22. Bh4 Qxe5 23. Rfe1 Qf4 24. Bg6 Rff8 25. Bg3 Qg5 26. Qh5 Qxh5 27. Bxh5
Nc4 28. Be2 Rac8 29. Bxc4 Rxc4 30. Be5 Rfc8 31. Re3 Rf8 32. Kf1 Bb5 33. Ke1 Rg4
34. g3 Ra4 35. Rb1 Bc6 36. h4 Rf5 37. Ra1 Kf7 38. f4 h5 39. Kd2 g6 40. Bd4 Bd7
41. Kc2 b5 42. Kb3 a6 43. Rae1 1/2-1/2

[Event "4. Continental de Ajedrez de Cali"]
[Site "Santiago de Cali COL"]
[Date "2007.07.11"]
[Round "2.44"]
[White "Barros, Raul Junior"]
[Black "Valle, Efrain"]
[Result "0-1"]
[WhiteElo "2117"]
[BlackElo "2215"]
[PlyCount "86"]
[EventDate "2007.07.11"]
[EventType "swiss"]
[EventRounds "1"]
[EventCountry "COL"]
[Source "lmi"]
[SourceDate "2007.07.11"]

1. e4 Nc6 2. Nf3 d6 3. d4 Nf6 4. Nc3 g6 5. Bf4 Bg7 6. Bb5 O-O 7. O-O Bg4 8.
Bxc6 bxc6 9. h3 Bc8 10. Qd2 a5 11. Rfe1 Ba6 12. Rad1 Qb8 13. b3 Qb4 14. e5 Nd5
15. Nxd5 cxd5 16. c3 Qb6 17. exd6 exd6 18. Bh6 Rfe8 19. Bxg7 Kxg7 20. Qg5 Be2
21. Nh4 Bxd1 22. Nf5+ Kg8 23. Nh6+ Kf8 24. Rxd1 Re6 25. Qf4 f6 26. g4 Kg7 27.
g5 f5 28. Rd3 Rf8 29. Re3 Re4 30. Qf3 Qc6 31. c4 Rfe8 32. Rc3 dxc4 33. Rxc4
Re1+ 34. Kg2 Qxf3+ 35. Kxf3 R1e7 36. Ra4 Ra8 37. a3 Re4 38. Kg3 c5 39. dxc5
Rxa4 40. bxa4 dxc5 41. Kf3 c4 42. Ke3 Rd8 43. Nxf5+ gxf5 0-1

[Event "4. Continental de Ajedrez de Cali"]
[Site "Santiago de Cali COL"]
[Date "2007.07.11"]
[Round "2.45"]
[White "Salazar, Carlos"]
[Black "Rodriguez Montoya, Juan Andres"]
[Result "1-0"]
[WhiteElo "2215"]
[BlackElo "2009"]
[PlyCount "41"]
[EventDate "2007.07.11"]
[EventType "swiss"]
[EventRounds "1"]
[EventCountry "COL"]
[Source "lmi"]
[SourceDate "2007.07.11"]

1. d4 d5 2. c4 e6 3. Nc3 Nf6 4. cxd5 exd5 5. Bg5 Be7 6. e3 c6 7. Qc2 g6 8. Bd3
Be6 9. Nge2 Nbd7 10. O-O O-O 11. Nf4 Bg4 12. f3 Bh5 13. h3 h6 14. Bxh6 g5 15.
Bxg5 Bg6 16. Bxg6 fxg6 17. Qxg6+ Kh8 18. Ne6 Rg8 19. Qh6+ Nh7 20. Nxd8 Bxg5 21.
Nf7# 1-0

[Event "4. Continental de Ajedrez de Cali"]
[Site "Santiago de Cali COL"]
[Date "2007.07.11"]
[Round "2.46"]
[White "Montaño, Henry"]
[Black "Condori, Edwin"]
[Result "0-1"]
[WhiteElo "2108"]
[BlackElo "2207"]
[PlyCount "116"]
[EventDate "2007.07.11"]
[EventType "swiss"]
[EventRounds "1"]
[EventCountry "COL"]
[Source "lmi"]
[SourceDate "2007.07.11"]

1. Nf3 g6 2. g3 Bg7 3. Bg2 c5 4. c4 Nc6 5. Nc3 e5 6. d3 Nge7 7. Bg5 h6 8. Bd2
d6 9. Qc1 Be6 10. Rb1 Rc8 11. a3 d5 12. cxd5 Nxd5 13. O-O Nd4 14. Qd1 O-O 15.
Re1 Qd7 16. Ne4 f5 17. Nc3 Rfd8 18. Rc1 b6 19. Nxd5 Bxd5 20. Bc3 Bb3 21. Qd2 e4
22. Bxd4 cxd4 23. Qb4 Bf7 24. Nh4 g5 25. Nxf5 Qxf5 26. Bxe4 Qd7 27. Rf1 Bd5 28.
f3 Rxc1 29. Rxc1 Bxe4 30. fxe4 Rf8 31. Qe1 Rc8 32. Kg2 Rc6 33. Rxc6 Qxc6 34.
Qd1 Kf7 35. Qb3+ Qe6 36. Qa4 a5 37. Qb5 Bf8 38. h3 Be7 39. a4 Bf6 40. Qa6 Kg6
41. Qa8 Be5 42. Qd8 Kh7 43. Qf8 Bd6 44. Qf5+ Qxf5 45. exf5 Kg7 46. Kf3 Kf6 47.
g4 Ke5 48. b3 Bc5 49. Kg3 Bb4 50. Kf3 Bd2 51. Kg3 Bf4+ 52. Kf3 Kd5 53. Kf2 Be5
54. Kf3 Bg7 55. Kf2 Kc5 56. Kf3 Kb4 57. e3 Kxb3 58. exd4 Kxa4 0-1

[Event "4. Continental de Ajedrez de Cali"]
[Site "Santiago de Cali COL"]
[Date "2007.07.11"]
[Round "2.47"]
[White "Juarez Flores, Gustavo E"]
[Black "Rosales, Daniel"]
[Result "1/2-1/2"]
[WhiteElo "2204"]
[BlackElo "1989"]
[PlyCount "118"]
[EventDate "2007.07.11"]
[EventType "swiss"]
[EventRounds "1"]
[EventCountry "COL"]
[Source "lmi"]
[SourceDate "2007.07.11"]

1. e4 e6 2. d4 d5 3. e5 c5 4. c3 Nc6 5. Nf3 Bd7 6. dxc5 Bxc5 7. Bd3 h6 8. Qe2
a5 9. Be3 Qb6 10. Bxc5 Qxc5 11. Na3 Na7 12. Nd4 Ne7 13. O-O O-O 14. Qe3 b6 15.
Nac2 Rac8 16. a4 Rce8 17. b4 Qc7 18. Nb5 Nxb5 19. axb5 axb4 20. cxb4 Rb8 21.
Rfc1 Qb7 22. Nd4 Rfc8 23. f4 Rxc1+ 24. Rxc1 Ra8 25. Bb1 Rc8 26. Bd3 Rxc1+ 27.
Qxc1 Qc8 28. Qxc8+ Nxc8 29. Nc6 Kf8 30. Nd4 Ne7 31. Kf2 f6 32. Nf3 Be8 33. Nd4
Bf7 34. Ke3 Ke8 35. Nc6 Kd7 36. Nxe7 Kxe7 37. Kd4 g5 38. f5 h5 39. g3 g4 40.
Bc2 Bg8 41. fxe6 Bxe6 42. exf6+ Kxf6 43. Bb3 Bf7 44. Bxd5 Be8 45. Bc4 Bd7 46.
Bf1 Be6 47. Ke4 Bf7 48. h3 gxh3 49. Bxh3 Be6 50. Bf1 Bg4 51. Kd5 Bf3+ 52. Kd6
Kg5 53. Bd3 Kg4 54. Bg6 Kxg3 55. Bxh5 Bxh5 56. Kc6 Kf4 57. Kxb6 Ke5 58. Kc7 Kd4
59. b6 Bf3 1/2-1/2

[Event "4. Continental de Ajedrez de Cali"]
[Site "Santiago de Cali COL"]
[Date "2007.07.11"]
[Round "2.48"]
[White "Molina, Rafael"]
[Black "Mateus, Alejandro"]
[Result "1-0"]
[WhiteElo "2101"]
[BlackElo "2194"]
[PlyCount "87"]
[EventDate "2007.07.11"]
[EventType "swiss"]
[EventRounds "1"]
[EventCountry "COL"]
[Source "lmi"]
[SourceDate "2007.07.11"]

1. e4 c5 2. Nf3 d6 3. c3 Nf6 4. Bd3 e6 5. Bc2 Nbd7 6. O-O Be7 7. d4 Qc7 8. a4
b6 9. Re1 Bb7 10. Na3 a6 11. Bg5 Rc8 12. Rc1 O-O 13. Qd3 e5 14. b4 h6 15. Bd2
Rfe8 16. Nh4 exd4 17. cxd4 cxb4 18. Bxb4 d5 19. Bxe7 dxe4 20. Qd2 Rxe7 21. Bxe4
Qxc1 22. Rxc1 Rxc1+ 23. Qxc1 Bxe4 24. Nf3 Bxf3 25. gxf3 Nd5 26. Kf1 N7f6 27.
Qc8+ Kh7 28. Qxa6 Nh5 29. Nc4 Nhf4 30. Qb5 Re6 31. Ne3 Rxe3 32. fxe3 Nxe3+ 33.
Ke1 Ned5 34. Kd2 h5 35. Qe8 Kg6 36. Kc2 Ne6 37. Kd3 Kf6 38. Qd7 g5 39. Kc4 Nec7
40. Qxd5 Nxd5 41. Kxd5 g4 42. fxg4 hxg4 43. Kc6 Ke7 44. d5 1-0

[Event "4. Continental de Ajedrez de Cali"]
[Site "Santiago de Cali COL"]
[Date "2007.07.11"]
[Round "2.49"]
[White "Moreno, William"]
[Black "Orozco, Lina"]
[Result "1-0"]
[WhiteElo "2194"]
[BlackElo "1969"]
[PlyCount "91"]
[EventDate "2007.07.11"]
[EventType "swiss"]
[EventRounds "1"]
[EventCountry "COL"]
[Source "lmi"]
[SourceDate "2007.07.11"]

1. d4 d5 2. c4 e6 3. Nf3 Nf6 4. g3 Nbd7 5. Bg2 c6 6. Qc2 Be7 7. O-O h6 8. Nbd2
O-O 9. b3 Nh7 10. Bb2 f5 11. Ne1 g5 12. Nd3 Nhf6 13. f3 Qe8 14. Rae1 Qg6 15. e4
Rf7 16. exd5 exd5 17. Ne5 Nxe5 18. dxe5 Ne8 19. cxd5 cxd5 20. f4 Be6 21. Rc1
Rg7 22. Nf3 gxf4 23. gxf4 Qg4 24. Qd2 Bb4 25. Bc3 Bc5+ 26. Bd4 Bb4 27. Bc3 Bc5+
28. Nd4 Nc7 29. Kh1 Bxd4 30. Bxd4 Kh7 31. Rg1 Qh5 32. Qf2 Nb5 33. Bf3 Qf7 34.
Rxg7+ Qxg7 35. Bb2 b6 36. Rg1 Qf7 37. Qe2 a6 38. Bh5 Qb7 39. Bg6+ Kh8 40. Rg3
d4+ 41. Kg1 Rg8 42. Qh5 Rg7 43. Qxh6+ Kg8 44. Bh7+ Kf8 45. Qf6+ Qf7 46. Qd8+
1-0